[Event "Hillerod CC-ch A"]
[Site "Hillerod"]
[Date "2016.01.26"]
[Round "3"]
[White "Nielsen, Niels Peter"]
[Black "Kuhn, Morten"]
[Result "1/2-1/2"]
[WhiteElo "2104"]
[BlackElo "1856"]
[PlyCount "131"]
[EventDate "2016.01.05"]
[EventType "tourn"]
[EventRounds "9"]
[EventCountry "DEN"]
[SourceTitle "EXT 2024"]
[Source "ChessBase"]
[SourceDate "2023.10.10"]
[SourceVersion "1"]
[SourceVersionDate "2023.10.10"]
[SourceQuality "1"]

1. Nf3 d5 2. g3 Nf6 3. Bg2 Bg4 4. c4 c6 5. cxd5 cxd5 6. Nc3 Nc6 7. Qa4 Qd7 8. d3 h6 9. h3 Bxf3 10. Bxf3 e5 11. Bg2 Rd8 12. a3 Nd4 13. Qxd7+ Rxd7 14. 0-0 Nb3 15. Rb1 Bc5 16. Rd1 a6 17. Bd2 b5 18. Na2 Ke7 19. Nc1 Nxd2 20. Rxd2 Rc8 21. e3 Bb6 22. Nb3 Rdc7 23. Rdd1 Rc2 24. Kf1 Kd6 25. Rdc1 a5 26. Rd1 Nd7 27. d4 e4 28. Na1 R2c4 29. f3 f5 30. g4 fxg4 31. hxg4 Rf8 32. f4 g5 33. f5 Nf6 34. Bh3 Rfc8 35. Kf2 b4 36. Kg3 R4c7 37. axb4 axb4 38. Nb3 Rc2 39. Rdc1 Nd7 40. Bf1 Rxc1 41. Rxc1 Rxc1 42. Nxc1 Kc6 43. Be2 Bc7+ 44. Kf2 Kb6 45. Bd1 Bd6 46. Kg2 Nf6 47. Kh3 Kb5 48. Bb3 Kc6 49. Ba4+ Kc7 50. Nb3 Kb6 51. Nd2 Be7 52. Nf1 Bd6 53. Bb3 Kb5 54. Nd2 Bc7 55. Bd1 Bd6 56. Be2+ Kb6 57. Nb3 Be7 58. Nd2 Bd6 59. Nb3 Be7 60. Nc1 Bd6 61. Bd1 Kb5 62. Bb3 Be7 63. Ne2 Bd6 64. Ng1 Bc7 65. Ne2 Bd6 66. Nc1 1/2-1/2

[Event "Hillerod op"]
[Site "Hillerod"]
[Date "2015.10.08"]
[Round "6"]
[White "Nygaard, Soren"]
[Black "Kuhn, Morten"]
[Result "1/2-1/2"]
[WhiteElo "1748"]
[BlackElo "1856"]
[PlyCount "88"]
[EventDate "2015.09.08"]
[EventType "swiss"]
[EventRounds "7"]
[EventCountry "DEN"]
[SourceTitle "EXT 2024"]
[Source "ChessBase"]
[SourceDate "2023.10.10"]
[SourceVersion "1"]
[SourceVersionDate "2023.10.10"]
[SourceQuality "1"]

1. d4 Nf6 2. c4 Nc6 3. Nf3 e6 4. e3 b6 5. Be2 Bb7 6. 0-0 Ne7 7. Nc3 Ng6 8. b3 c5 9. Bb2 Qb8 10. Re1 Ng4 11. d5 e5 12. e4 Be7 13. Qd2 0-0 14. Rad1 d6 15. Bc1 Nf4 16. Bf1 f5 17. g3 Ng6 18. exf5 Rxf5 19. Bg2 Qf8 20. Qe2 Bc8 21. Ne4 Qe8 22. Rf1 Rf8 23. Nfg5 Bxg5 24. Bxg5 h6 25. Nxd6 Qd7 26. Nxc8 Qxc8 27. Bc1 Nf6 28. Bb2 Nd7 29. Qg4 Qe8 30. Be4 Rf6 31. Rfe1 Qf7 32. d6 Re8 33. Bd5 Ree6 34. f4 Nxf4 35. Bxe5 Nxd5 36. Bxf6 Rxe1+ 37. Rxe1 N5xf6 38. Qd1 Kh7 39. Re7 Qg6 40. Qe2 Qf5 41. Kg2 a5 42. a4 h5 43. h3 Qg6 44. Qd1 Qf5 1/2-1/2

[Event "Hillerod op"]
[Site "Hillerod"]
[Date "2015.10.02"]
[Round "5"]
[White "Kuhn, Morten"]
[Black "Nielsen, Frode Benedikt"]
[Result "1/2-1/2"]
[WhiteElo "1856"]
[BlackElo "1992"]
[PlyCount "97"]
[EventDate "2015.09.08"]
[EventType "swiss"]
[EventRounds "7"]
[EventCountry "DEN"]
[SourceTitle "EXT 2024"]
[Source "ChessBase"]
[SourceDate "2023.10.10"]
[SourceVersion "1"]
[SourceVersionDate "2023.10.10"]
[SourceQuality "1"]

1. d4 d5 2. Nf3 c6 3. g3 e6 4. Bg2 f5 5. Nbd2 Nf6 6. Ne5 Nbd7 7. Nxd7 Bxd7 8. Nb3 Bd6 9. Bg5 0-0 10. f4 Qe8 11. Bxf6 Rxf6 12. e3 b6 13. Qe2 Qe7 14. Rg1 Rh6 15. h4 a5 16. Nd2 Be8 17. Bf3 b5 18. a3 c5 19. Nf1 Rb8 20. Kf2 Qa7 21. Qd2 Qb6 22. Qd3 b4 23. axb4 Qxb4 24. Nd2 c4 25. Qe2 Qxb2 26. Rgc1 Qc3 27. Ra2 Rb2 28. Nb1 Qb4 29. Rxb2 Qxb2 30. Qd2 Bb4 31. c3 Qxd2+ 32. Nxd2 Bd6 33. Ra1 Bc7 34. Bd1 Kf8 35. Nf3 Ke7 36. Ne5 Rf6 37. Bc2 Rf8 38. g4 Bxe5 39. dxe5 fxg4 40. Rxa5 Bd7 41. Ra7 g6 42. Kg3 h5 43. Bxg6 Rh8 44. Bc2 Kd8 45. Ba4 Rh7 46. f5 Rf7 47. Rxd7+ Rxd7 48. Bxd7 Kxd7 49. f6 1/2-1/2